Modular forms

Saved in:
Bibliografiske detaljer
Hovedforfatter: Miyake, Toshitsune (autor)
Format: Bog
Sprog:engelsk
Udgivet: Berlín Springer 2006
Udgivelse:2a. ed
Serier:Springer Monographs in Mathematics
Fag:
Tags: Tilføj Tag
Ingen Tags, Vær først til at tagge denne postø!

MARC

LEADER 00000cam a2200000 a 4500
001 UCF4890
003 CL-VaPUC
008 130110e20060000GW |||||||||||||||||eng|d
020 |a 3540295925 
082 0 4 |a 516.35  |b MIY  |2 21 
100 |a Miyake, Toshitsune  |e autor  |9 566576 
245 1 0 |a Modular forms 
250 |a 2a. ed 
300 |a 335 p 
942 |c BK 
945 |d 20130110 00:00:00  |a cmena 
260 |a Berlín  |b Springer  |c 2006 
650 0 |a Geometría algebraica  |9 270327 
650 0 |a Formas modulares  |9 425001 
650 7 |a SUPERFICIES MODULARES  |2 CL-VaPUC  |9 562545 
650 0 |a Aritmética   |9 270049 
650 0 |a Funciones (Matemáticas)  |9 338128 
583 |a last modification  |c 20130110 11:00:00  |k Rodrigo Vera 
490 0 |a Springer Monographs in Mathematics 
999 |c 350567  |d 350565 
952 |0 0  |1 0  |4 0  |6 516_350000000000000_MIY_2006  |7 0  |8 A  |9 454077  |a BIBMAT  |b BIBMAT  |d 2019-11-22  |i 4942019  |o 516.35 MIY 2006  |p 4942019  |r 2025-01-07  |w 2019-11-22  |y BK  |k MAT 
952 |0 0  |1 0  |4 0  |6 516_350000000000000_MIY_2006  |7 0  |8 A  |9 454078  |a BIBMAT  |b BIBMAT  |d 2019-11-22  |i 4992849  |o 516.35 MIY 2006  |p 4992849  |r 2025-01-07  |w 2019-11-22  |y BK  |k MAT